| 000 | 00740cam a22002291 4500 | ||
|---|---|---|---|
| 001 | 000018925 | ||
| 005 | 20200929165902.0 | ||
| 008 | 750717s1970 gw 000 0 ger | ||
| 020 | _a3499101505 | ||
| 040 |
_aDO-SdBNP _cFMU _dOCoLC _dDLC |
||
| 082 |
_a833.914 _bD965r |
||
| 100 | 1 |
_aDurrenmatt, Friedrich, _d1921-1990 _940731 |
|
| 245 | 1 | 4 |
_aDer Richter und sein Henker; : _bRoman. / _cFriedrich Durrenmatt ; Karl Staudinger. |
| 260 |
_aReinbek b. Hamburg : _bRowohlt, _c1970. |
||
| 300 |
_a116 p. : _bil. ; _c19 cm. |
||
| 490 | 0 | _aRororo [Taschenbuch] 150 | |
| 650 | 4 |
_aNovela suiza _913268 |
|
| 650 | 4 |
_aLiteratura suiza _ySIGLO XX _932948 |
|
| 700 | 1 |
_aStaudinger, Karl _940732 |
|
| 910 | _aCatalogación derivada / LC | ||
| 049 | _aBNGR | ||
| 999 |
_c18443 _d18443 |
||